00242nam a22000977a 4500008004100000082001600041100001900057245003800076260001100114300001900125230629b xxu||||| |||| 00| 0 eng d a333.73bRAH cOlivia Bennett aGreenwar Environment and Conflict aLondon avarious paging